Welcome to CU Library Online Public Access Catalogue (OPAC)

Automotive technology : (Record no. 8150)

MARC details
000 -LEADER
fixed length control field 00811cam a2200229 a 4500
001 - CONTROL NUMBER
control field 4035782
005 - DATE AND TIME OF LATEST TRANSACTION
control field 20251108121305.0
008 - FIXED-LENGTH DATA ELEMENTS--GENERAL INFORMATION
fixed length control field 980921s1999 njua 001 0 eng
020 ## - INTERNATIONAL STANDARD BOOK NUMBER
International Standard Book Number 0133599698
020 ## - INTERNATIONAL STANDARD BOOK NUMBER
International Standard Book Number 9780133599695
050 00 - LIBRARY OF CONGRESS CALL NUMBER
Classification number TL152
Item number .H18 1999
082 00 - DEWEY DECIMAL CLASSIFICATION NUMBER
Classification number 629.28/72
Edition information 21
100 1# - MAIN ENTRY--PERSONAL NAME
Personal name Halderman, James D.,
Dates associated with a name 1943-
245 10 - TITLE STATEMENT
Title Automotive technology :
Remainder of title principles, diagnosis, and service /
Statement of responsibility, etc. James D. Halderman, Chase D. Mitchell.
260 ## - PUBLICATION, DISTRIBUTION, ETC.
Place of publication, distribution, etc. Upper Saddle River, N.J. :
Name of publisher, distributor, etc. Prentice Hall,
Date of publication, distribution, etc. c1999.
300 ## - PHYSICAL DESCRIPTION
Extent xxix, 1026 p. :
Other physical details ill. (some col.) ;
Dimensions 29 cm. +
Accompanying material 1 computer laser optical disc (3 3/4 in.)
500 ## - GENERAL NOTE
General note Includes index.
650 #0 - SUBJECT ADDED ENTRY--TOPICAL TERM
Topical term or geographic name entry element Automobiles
General subdivision Maintenance and repair.
650 #0 - SUBJECT ADDED ENTRY--TOPICAL TERM
Topical term or geographic name entry element Automobiles
General subdivision Design and construction.
700 1# - ADDED ENTRY--PERSONAL NAME
Personal name Mitchell, Chase D.
942 ## - ADDED ENTRY ELEMENTS (KOHA)
Source of classification or shelving scheme Library of Congress Classification
Koha item type Books
Suppress in OPAC No
999 ## -
-- 8150
-- 8150
Holdings
Withdrawn status Lost status Source of classification or shelving scheme Damaged status Not for loan Collection Home library Current library Shelving location Date acquired Total checkouts Full call number Barcode Date last seen Copy number Price effective from Koha item type
    Library of Congress Classification     Non-fiction Science Library (Miotso) Science Library (Miotso) General stacks 11/08/2025   TL152 .H18 HAL SLM00005593 11/08/2025 1 11/08/2025 Books
© 2023-2024 Copyright: Central University Libraries. All Rights Reserved | Created by: Mahone Tech Office